000 00638nam a2200157 a 4500
001 000041640
005 20201002035700.0
008 131014s1979 dr 000 0 spa d
040 _aDO-SdBNP
_bspa
_cBNPHU
100 1 _aGonzález Pons, Alejandro
_968430
245 1 0 _aSobre las deformaciones al marxismo. /
_cAlejandro González Pons.
260 _aSanto Domingo, :
_bEdiciones socialistas,
_c1979.
300 _a32 p. ;
_c21 cm.
500 _aMovimiento de liberación nacional (CORECATO)
500 _aPonencia presentada en la continuación de la mesa redonda sobre el libro "Nuestra falsa izquierda" del Dr. Juan Isidro Jimenes Grullón
999 _c41130
_d41130